00619nam a2200217Ia 4500003000400000005001700004008004100021020001800062040001800080041000800098082002200106100001800128245010800146250001200254260003500266300002700301650000900328700002000337700001900357700002500376OSt20251204115819.0210716s2008 xx 000 0 und d a9788184890242 cAIMIT LIBRARY aeng a006.321 21bMICK aMichels, Kai. aFuzzy control : bfundamentals, stability and design of fuzzy controllers /cBy Kai Michels,...[et.al]. a1st ed. aNew Delhi :bSpringer ,c2008. ax,411p. ;bPBc24.5 cm aNone aKlawonn, Frank. aKruse, Rudolf. aNurnberger, Andreas.